NFL 1st Round WR's Since 2010 - Statistics

General Stats
  • This quiz has been taken 81 times
  • The average score is 43 of 66
Answer Stats
Year (Pick) Team Player % Correct
2024 (1.23) Jaguars Brian Thomas Jr
97%
2010 (1.01) Broncos Demaryius Thomas
97%
2020 (1.17) Cowboys Ceedee Lamb
94%
2021 (1.10) Eagles Devonta Smith
94%
2024 (1.06) Giants Malik Nabers
94%
2023 (1.23) Vikings Jordan Addison
93%
2024 (1.04) Cardinals Marvin Harrison Jr
93%
2023 (1.22) Ravens Zay Flowers
93%
2022 (1.08) Falcons Drake London
91%
2022 (1.10) Jets Garret Wilson
91%
2021 (1.05) Bengals Jamarr Chase
91%
2022 (1.12) Lions Jameson Williams
91%
2020 (1.22) Vikings Justin Jefferson
91%
2024 (1.28) Chiefs Xavier Worthy
91%
2017 (1.07) Chargers Mike Williams
90%
2024 (1.09) Bears Rome Odunze
90%
2025 (1.08) Panthers Tetairoa McMillan
90%
2025 (1.02) Jaguars Travis Hunter
90%
2022 (1.11) Saints Chris Olave
88%
2025 (1.19) Buccaneers Emeka Egbuka
88%
2023 (1.20) Seahawks Jaxon Smith-Njigba
88%
2021 (1.06) Dolphins Jaylen Waddle
88%
2024 (1.31) 49ers Ricky Pearsall
87%
2011 (1.06) Falcons Julio Jones
85%
2025 (1.23) Packers Matthew Golden
85%
2019 (1.25) Ravens Marquise Brown
82%
2023 (1.21) Chargers Quinten Johnston
82%
2024 (1.32) Panthers Xavier Legette
81%
2020 (1.12) Raiders Henry Ruggs
79%
2011 (1.04) Bengals AJ Green
78%
2020 (1.25) 49ers Brandon Aiyuk
78%
2020 (1.15) Broncos Jerry Jeudy
76%
2021 (1.27) Ravens Rashod Bateman
76%
2013 (1.27) Texans DeAndre Hopkins
75%
2014 (1.12) Giants Odell Beckham Jr.
73%
2020 (1.21) Eagles Jalen Reagor
72%
2022 (1.16) Commanders Jahan Dotson
69%
2018 (1.26) Falcons Calvin Ridley
67%
2010 (1.02) Cowboys Dez Bryant
67%
2022 (1.18) Titans Treylon Burks
67%
2018 (1.24) Panthers DJ Moore
66%
2015 (1.04) Raiders Amari Cooper
58%
2014 (1.07) Buccaneers Mike Evans
58%
2021 (1.20) Giants Kadarius Toney
57%
2019 (1.32) Patriots N'Keal Harry
52%
2017 (1.09) Bengals John Ross
51%
2017 (1.05) Titans Corey Davis
45%
2015 (1.07) Bears Kevin White
45%
2014 (1.04) Bills Sammy Watkins
45%
2016 (1.21) Texans Will Fuller
43%
2014 (1.28) Panthers Kelvin Benjamin
42%
2014 (1.20) Saints Brandin Cooks
40%
2015 (1.14) Dolphins DeVante Parker
37%
2013 (1.08) Rams Tavon Austin
34%
2016 (1.15) Browns Corey Coleman
33%
2016 (1.23) Vikings Laquon Treadwell
33%
2015 (1.20) Eagles Nelson Agholor
33%
2012 (1.05) Jaguars Justin Blackmon
30%
2016 (1.22) Redskins Josh Doctson
25%
2013 (1.29) Vikings Cordarrelle Patterson
19%
2012 (1.13) Cardinals Michael Floyd
18%
2015 (1.26) Ravens Breshad Perriman
16%
2015 (1.29) Colts Phillip Dorsett
15%
2011 (1.26) Chiefs Jonathan Baldwin
12%
2012 (1.20) Titans Kendall Wright
12%
2012 (1.30) 49ers AJ Jenkins
6%
No matching quizzes found
Score Distribution
Percent of People with Each Score
Percentile by Number Answered
Your Score History
You have not taken this quiz